• 首页
  • 本馆介绍
  • 公告通知
  • 最新文献
  • 馆藏检索
  • 电子资源
  • 读者导购
  • 参考咨询
  • 我的图书馆
  • 登录
  • 详细信息显示
  • 放入我的书架
  • 预约/预借图书
  • 作者相关作品
  • 分类相关作品
  • 丛书相关作品
  • 出版社相关作品

书目信息

  • 表格格式
  • 工作单格式
  • 卡片格式
题名:
数学理论的相对论
    
 
作者: 爱丁顿 著
分册:  
出版信息: 北京   世界图书出版公司北京公司  2015.02
页数: 270页
开本: 23cm
丛书名:
单 册:
中图分类: O411.1
科图分类:
主题词: 数学物理方法--shu xue wu li fang fa--英文
电子资源:
ISBN: 978-7-5100-9407-1
000 01245nam0 2200277 450
001 0106081836
005 20201106082045.0
010    @a978-7-5100-9407-1@dCNY55.00
100    @a20160406e20192015em y0chiy50 ea
101 0  @aeng@gchi
102    @aCN@b110000
105    @ay z 001yy
106    @ar
200 1  @a数学理论的相对论@Ashu xue li lun de xiang dui lun@dThe mathematical theory of relativity@f(英)爱丁顿(A. S. Eddington)著@zeng
205    @a影印版
210    @a北京@c世界图书出版公司北京公司@d2015.02@h2019.02
215    @a270页@d23cm
304    @a200字段中文信息取自版权页
330    @a《数学理论相对论》这部著作是爱丁顿依据物理世界的相对论理论而创作。主要围绕一个物理学的规则形式展开,其逻辑脉络主要通过引力、相对论、时空、力学、电磁现象和几何体等系统知识来阐述数学理论的相对论,论证详实,思维清晰,视角独特。爱因斯坦曾评价这本书是:“在所有语言中是表达这个主题最好的版本”。
510 1  @aMathematical theory of relativity@zeng
512 1  @a数学理论相对论@Ashu xue li lun xiang dui lun
606 0  @a数学物理方法@Ashu xue wu li fang fa@j英文
690    @aO411.1@v5
701  0 @c(英)@a爱丁顿@Aai ding dun@c(Eddington, Arthur Stanley@f1882-1944)@4著
801  0 @aCN@bBJSZM@c20201106
905    @b1192796-9@dO411.1@e103@f4
    
    数学理论的相对论=The mathematical theory of relativity/(英)爱丁顿(A. S. Eddington)著.-影印版.-北京:世界图书出版公司北京公司,2015.02(2019.02)
    270页;23cm
    
    
    ISBN 978-7-5100-9407-1:CNY55.00
    《数学理论相对论》这部著作是爱丁顿依据物理世界的相对论理论而创作。主要围绕一个物理学的规则形式展开,其逻辑脉络主要通过引力、相对论、时空、力学、电磁现象和几何体等系统知识来阐述数学理论的相对论,论证详实,思维清晰,视角独特。爱因斯坦曾评价这本书是:“在所有语言中是表达这个主题最好的版本”。
●
相关链接 在E读中查询图书 在五车中查询图书 在当当中查询图书 在豆瓣中查询图书


正题名:数学理论的相对论     索取号:O411.1/103         预约/预借

序号 登录号 条形码 馆藏地/架位号 状态 备注
1 1192796   211927968   第二样本阅览室/ [索取号:O411.1/103] 在馆    
2 1192797   211927977   第三借阅区/ [索取号:O411.1/103] 在馆    
3 1192798   211927986   第三借阅区/ [索取号:O411.1/103] 在馆    
4 1192799   211927995   第三借阅区/ [索取号:O411.1/103] 在馆    
唐山师范学院图书馆 欢迎您!
大连网信软件有限公司© 版权所有